| 000 | 00802nam a2200205Ii 4500 | ||
|---|---|---|---|
| 003 | JO-AjNU | ||
| 008 | 230605s9999||||xx |||||||||||||| ||und|| | ||
| 020 | _a977-10-0121-3 | ||
| 040 |
_aJO-AjNU _bara _erda _cJO-AjNU |
||
| 041 | _aara | ||
| 050 | 1 | 4 | _aR128.3.N3264 |
| 100 | 3 |
_aالنقيب ، عبدالرحمن, _eauthor _936949 |
|
| 245 | 0 | 0 | _aالاعداد التربوي والمهني للطبيب عند المسلمين |
| 264 | 3 | 1 | _aالقاهرة:دار الفكر العربي ، 1900 |
| 300 |
_a223ص _bسلسلة من افاق البحث في التربية الاسلامية |
||
| 336 |
_atext _btxt _2rdacontent |
||
| 337 |
_aunmediated _bn _2rdamedia |
||
| 338 |
_avolume _bnc _2rdacarrier |
||
| 650 | 4 |
_aالطب-دراسة وتعليم- التربية الاسلامية _936950 |
|
| 999 |
_aA15396 _c18964 _d18964 |
||